000 nam a22 7a 4500
999 _c30055
_d30054
003 OSt
005 20171103104755.0
008 171103b xxu||||| |||| 00| 0 eng d
020 _a0321235835
040 _aMMU
_cMMU
_dMMU
_beng
050 0 0 _aPE1112
_b.A26 2006
082 0 0 _a808/.042
_221
100 1 _aAaron, Jane E.
245 1 4 _aThe Little, Brown essential compact handbook /
_cJane E. Aaron.
250 _a3rd Canadian ed.
260 _aNew York :
_bLongman,
_cc2006.
300 _a507 p. ;
_c22 cm.
500 _aIncludes index.
650 0 _aEnglish language
_xGrammar
_vHandbooks, manuals, etc.
650 0 _aEnglish language
_xRhetoric
_vHandbooks, manuals, etc.
650 0 _aReport writing
_vHandbooks, manuals, etc.
700 _aMcArthur Murray
942 _2lcc
_cLOAN LOAN